[Event "HUN-chT2 Szechenyi 0708"]
[Site "Hungary"]
[Date "2007.12.16"]
[Round "5"]
[White "Ruszin, Rita"]
[Black "Kishegyi, Balazs"]
[Result "0-1"]
[WhiteElo "1859"]
[BlackElo "1980"]
[PlyCount "64"]
[EventDate "2007.10.14"]
[EventType "team"]
[EventRounds "11"]
[EventCountry "HUN"]
[SourceTitle "EXT 2009"]
[Source "ChessBase"]
[SourceDate "2008.11.26"]
[SourceVersion "1"]
[SourceVersionDate "2008.11.26"]
[SourceQuality "1"]
[WhiteTeam "Zala Volan"]
[BlackTeam "Veszprem"]
[WhiteTeamCountry "HUN"]
[BlackTeamCountry "HUN"]

1. e4 c5 2. Nc3 Nc6 3. Bb5 a6 4. Bxc6 dxc6 5. d3 e5 6. f4 Qh4+ 7. g3 Qe7 8. fxe5 Qxe5 9. Bf4 Qe7 10. Nf3 Bg4 11. h3 Bh5 12. g4 Bg6 13. Qd2 Rd8 14. 0-0-0 h6 15. e5 Qe6 16. Rhe1 Ne7 17. Bg3 Nd5 18. Ne4 Be7 19. Nd6+ Kf8 20. d4 Nb4 21. dxc5 Nxc2 22. Nd4 Nxd4 23. Qxd4 Qxa2 24. Rf1 Kg8 25. Qc3 h5 26. b3 Bg5+ 27. Bf4 Bxf4+ 28. Rxf4 hxg4 29. Ra4 Qe2 30. Rxg4 Rxh3 31. Qc4 Qxc4+ 32. bxc4 Bh5 0-1

[Event "HUN-chT2 Szechenyi 0607"]
[Site "Hungary"]
[Date "2007.03.04"]
[Round "6"]
[White "Somogyi, Bela"]
[Black "Ruszin, Rita"]
[Result "0-1"]
[WhiteElo "1889"]
[BlackElo "1888"]
[PlyCount "50"]
[EventDate "2006.11.12"]
[EventType "team"]
[EventRounds "11"]
[EventCountry "HUN"]
[SourceTitle "EXT 2008"]
[Source "ChessBase"]
[SourceDate "2007.11.25"]
[SourceVersion "1"]
[SourceVersionDate "2007.11.25"]
[SourceQuality "1"]
[WhiteTeam "Ajka Banyasz"]
[BlackTeam "Zala Volan"]
[WhiteTeamCountry "HUN"]
[BlackTeamCountry "HUN"]

1. e4 c5 2. Nf3 Nc6 3. d4 cxd4 4. Nxd4 Nf6 5. Nc3 Qc7 6. Be3 e6 7. f3 a6 8. Qd2 b5 9. g4 Bc5 10. Nxc6 Bxe3 11. Qxe3 dxc6 12. 0-0-0 Bb7 13. Bg2 c5 14. Qg5 0-0 15. e5 Nd5 16. Ne4 h6 17. Qh4 Ne3 18. Nf6+ Kh8 19. Rdg1 Nxg2 20. Rxg2 Bxf3 21. g5 Bxg2 22. gxh6 g6 23. Rg1 Qxe5 24. Rxg2 Rad8 25. b3 Qa1# 0-1

[Event "HUN-ch U16 Girls"]
[Site "Miskolc"]
[Date "2004.07.08"]
[Round "4"]
[White "Ruszin, Rita"]
[Black "Harsanyi, Kinga"]
[Result "0-1"]
[WhiteElo "1865"]
[BlackElo "2025"]
[PlyCount "56"]
[EventDate "2004.07.05"]
[EventType "swiss"]
[EventRounds "9"]
[EventCountry "HUN"]
[SourceTitle "EXT 2008"]
[Source "ChessBase"]
[SourceDate "2007.11.25"]
[SourceVersion "1"]
[SourceVersionDate "2007.11.25"]
[SourceQuality "1"]

1. e4 c5 2. Nf3 e6 3. d4 cxd4 4. Nxd4 Nf6 5. Nc3 Bb4 6. Bd3 Nc6 7. Nxc6 bxc6 8. Bd2 0-0 9. 0-0 d5 10. exd5 cxd5 11. Qe1 Be7 12. Kh1 Bb7 13. f4 Bd6 14. Rf3 a6 15. Rh3 Be7 16. Qh4 g6 17. Qg3 Ne4 18. Bxe4 dxe4 19. Rd1 Qc7 20. Rh6 Bd8 21. Qh3 f5 22. Re1 Rf7 23. Be3 Bf6 24. Bd2 Rd8 25. Qe3 Rfd7 26. Re2 Bd4 27. Qg3 Bg7 28. Rh3 Rxd2 0-1

[Event "HUN-ch U16 Girls"]
[Site "Miskolc"]
[Date "2004.07.06"]
[Round "2"]
[White "Ruszin, Rita"]
[Black "Domany, Zsofia"]
[Result "0-1"]
[WhiteElo "1865"]
[BlackElo "2041"]
[PlyCount "62"]
[EventDate "2004.07.05"]
[EventType "swiss"]
[EventRounds "9"]
[EventCountry "HUN"]
[SourceTitle "EXT 2008"]
[Source "ChessBase"]
[SourceDate "2007.11.25"]
[SourceVersion "1"]
[SourceVersionDate "2007.11.25"]
[SourceQuality "1"]

1. e4 c5 2. Nf3 e6 3. d4 cxd4 4. Nxd4 a6 5. Bd3 Qc7 6. Nc3 Nc6 7. Nxc6 dxc6 8. 0-0 Nf6 9. f4 e5 10. f5 b5 11. a3 Bb7 12. b4 c5 13. Bd2 cxb4 14. axb4 Bxb4 15. Nb1 Bxd2 16. Nxd2 0-0 17. Qe1 Rfd8 18. Rf3 Rd6 19. Rh3 Qc5+ 20. Kh1 Ng4 21. Rf3 Nf6 22. Nb3 Qc7 23. Rg3 Rad8 24. Nd2 Nh5 25. Re3 Nf4 26. Ra3 Qd7 27. g3 Nxd3 28. Raxd3 Qxf5 29. Kg1 Qe6 30. Rxd6 Qxd6 31. Re2 Qc5+ 0-1

[Event "HUN-ch U20 Girls"]
[Site "Budapest"]
[Date "2004.04.11"]
[Round "7"]
[White "Ruszin, Rita"]
[Black "Horvath, Orsolya"]
[Result "1/2-1/2"]
[WhiteElo "1915"]
[BlackElo "1859"]
[PlyCount "153"]
[EventDate "2004.04.05"]
[EventType "tourn"]
[EventRounds "11"]
[EventCountry "HUN"]
[SourceTitle "EXT 2008"]
[Source "ChessBase"]
[SourceDate "2007.11.25"]
[SourceVersion "1"]
[SourceVersionDate "2007.11.25"]
[SourceQuality "1"]

1. e4 c5 2. Nf3 d6 3. d4 cxd4 4. Nxd4 Nf6 5. Nc3 Nc6 6. Be2 e6 7. 0-0 Be7 8. Be3 0-0 9. f4 a6 10. a4 Qc7 11. Kh1 Nxd4 12. Qxd4 Nd7 13. Rad1 Rd8 14. Bc1 b6 15. Bf3 Bb7 16. f5 Bf6 17. Qxd6 Qxd6 18. Rxd6 Be5 19. Rdd1 Nc5 20. fxe6 fxe6 21. b4 Bxc3 22. bxc5 bxc5 23. Bg5 Bf6 24. Bxf6 gxf6 25. Rb1 Bc6 26. a5 Bb5 27. Rfd1 Kf7 28. Kg1 Ke7 29. Kf2 Ra7 30. Rxd8 Kxd8 31. Rd1+ Ke7 32. Kg3 Ba4 33. Rd2 c4 34. Rd4 Rc7 35. c3 Rc5 36. Be2 Rxa5 37. Bxc4 Rg5+ 38. Kf2 Bb5 39. Bxb5 Rxb5 40. Ra4 a5 41. g4 Kd6 42. h4 Rc5 43. c4 Ke5 44. Ke3 f5 45. exf5 exf5 46. gxf5 Kxf5 47. Kf3 h5 48. Ra1 Ke5 49. Ra4 Kd4 50. Kf4 Kc3 51. Ke3 Kb3 52. Kd4 Rf5 53. Ra1 a4 54. c5 a3 55. c6 Rf4+ 56. Kd5 Kb2 57. Re1 a2 58. c7 Rf8 59. Kd6 a1Q 60. Rxa1 Kxa1 61. Kd7 Kb2 62. c8Q Rxc8 63. Kxc8 Kc3 64. Kd7 Kd4 65. Kd6 Ke4 66. Kc5 Kf3 67. Kd4 Kg3 68. Ke3 Kxh4 69. Kf4 Kh3 70. Kf3 h4 71. Kf2 Kh2 72. Kf3 Kh3 73. Kf2 Kh2 74. Kf3 h3 75. Kf2 Kh1 76. Kf1 h2 77. Kf2 1/2-1/2

[Event "HUN-ch U20 Girls"]
[Site "Budapest"]
[Date "2004.04.10"]
[Round "6"]
[White "Remete, Eszter"]
[Black "Ruszin, Rita"]
[Result "1-0"]
[WhiteElo "2135"]
[BlackElo "1915"]
[PlyCount "65"]
[EventDate "2004.04.05"]
[EventType "tourn"]
[EventRounds "11"]
[EventCountry "HUN"]
[SourceTitle "EXT 2008"]
[Source "ChessBase"]
[SourceDate "2007.11.25"]
[SourceVersion "1"]
[SourceVersionDate "2007.11.25"]
[SourceQuality "1"]

1. e4 c5 2. Nf3 Nc6 3. d4 cxd4 4. Nxd4 Qc7 5. Nc3 Nf6 6. Be2 e6 7. 0-0 a6 8. Be3 b5 9. a3 Bb7 10. f4 d6 11. Kh1 Be7 12. Bd3 Nxd4 13. Bxd4 e5 14. Be3 0-0 15. Qf3 Rfe8 16. Qh3 Bc8 17. f5 Bb7 18. Qg3 Kh8 19. Rae1 Rg8 20. Qf3 g6 21. Nd5 Nxd5 22. exd5 gxf5 23. Qxf5 Rg6 24. Qxf7 Rf8 25. Bxg6 Rxf7 26. Bxf7 Qc4 27. Rd1 Qh4 28. Be6 Qh5 29. Rd2 Qe8 30. Rdf2 h6 31. Bxh6 Qg6 32. Bf8 Bg5 33. Rf7 1-0

[Event "HUN-ch U20 Girls"]
[Site "Budapest"]
[Date "2004.04.07"]
[Round "3"]
[White "Ruszin, Rita"]
[Black "Ignacz, Maria"]
[Result "0-1"]
[WhiteElo "1915"]
[BlackElo "2142"]
[PlyCount "158"]
[EventDate "2004.04.05"]
[EventType "tourn"]
[EventRounds "11"]
[EventCountry "HUN"]
[SourceTitle "EXT 2008"]
[Source "ChessBase"]
[SourceDate "2007.11.25"]
[SourceVersion "1"]
[SourceVersionDate "2007.11.25"]
[SourceQuality "1"]

1. e4 c5 2. Nf3 a6 3. c4 d6 4. d4 cxd4 5. Nxd4 Nf6 6. Nc3 e6 7. Be2 Nbd7 8. 0-0 b6 9. f4 Bb7 10. Bf3 Qc7 11. b3 Be7 12. Bb2 0-0 13. Rc1 Rfe8 14. f5 Bf8 15. fxe6 fxe6 16. Bg4 Nxg4 17. Qxg4 Ne5 18. Qh3 Qe7 19. Rcd1 Rad8 20. Nf3 Nf7 21. Rd3 g6 22. Nh4 Bg7 23. Re1 Qc7 24. Nf3 Qc5+ 25. Kh1 b5 26. cxb5 axb5 27. Nd2 Ne5 28. Rde3 Bc8 29. Nf3 Nf7 30. Qg3 Rf8 31. Nd1 b4 32. Bxg7 Kxg7 33. Nb2 Ba6 34. Nd2 Ne5 35. Nf3 Nxf3 36. Rxf3 Qd4 37. Nd1 Rxf3 38. Qxf3 Rf8 39. Qe3 Qxe3 40. Nxe3 Rf2 41. Rd1 Rxa2 42. Rxd6 Re2 43. Kg1 Rxe3 44. Rxa6 Kf6 45. Kf2 Rxb3 46. Ra2 Ra3 47. Rb2 b3 48. Kf3 Ke5 49. Ke3 h5 50. g3 Ra2 51. Rxb3 Rxh2 52. Rb5+ Kf6 53. Kf4 Rf2+ 54. Ke3 Rf1 55. Ke2 Ra1 56. Kf3 Ra4 57. Ke3 g5 58. Rc5 Ra3+ 59. Kf2 Ra1 60. Kf3 Re1 61. Ra5 Kg6 62. Re5 Kf6 63. Ra5 Rb1 64. Ke3 Rb3+ 65. Kf2 Rb8 66. Kf3 Rh8 67. Ra1 h4 68. gxh4 gxh4 69. Kf4 e5+ 70. Kg4 h3 71. Rh1 h2 72. Rf1+ Kg6 73. Rh1 Rh7 74. Kf3 Kg5 75. Kg3 Rh8 76. Kf3 Rh3+ 77. Kg2 Kg4 78. Kf2 Kf4 79. Kg2 Rh8 0-1

[Event "HUN-ch U20 Girls"]
[Site "Budapest"]
[Date "2004.04.06"]
[Round "2"]
[White "Rudolf, Anna"]
[Black "Ruszin, Rita"]
[Result "1-0"]
[WhiteElo "2197"]
[BlackElo "1915"]
[PlyCount "67"]
[EventDate "2004.04.05"]
[EventType "tourn"]
[EventRounds "11"]
[EventCountry "HUN"]
[SourceTitle "EXT 2008"]
[Source "ChessBase"]
[SourceDate "2007.11.25"]
[SourceVersion "1"]
[SourceVersionDate "2007.11.25"]
[SourceQuality "1"]

1. e4 c5 2. Nf3 e6 3. d4 cxd4 4. Nxd4 Nf6 5. Nc3 d6 6. g3 Nc6 7. Bg2 Qb6 8. Nb3 Be7 9. 0-0 0-0 10. Be3 Qd8 11. f4 a6 12. a4 h5 13. a5 Qd7 14. Qe2 Ng4 15. Bb6 Bd8 16. Na4 Bc7 17. h3 Nf6 18. Rfd1 Qe7 19. e5 dxe5 20. Bxc6 bxc6 21. Bc5 Qe8 22. fxe5 Nd7 23. Bxf8 Qxf8 24. Qxh5 Nxe5 25. Nac5 Nc4 26. Rd4 g6 27. Qg5 Nd6 28. g4 Nb5 29. Rd2 Bd6 30. Rad1 Be7 31. Qe5 f6 32. Qe3 Kf7 33. Ne4 Ra7 34. c4 1-0

[Event "Budapest FS10 FM-B"]
[Site "Budapest"]
[Date "2003.10.16"]
[Round "13"]
[White "Ruszin, Rita"]
[Black "Trajber, Daniel"]
[Result "0-1"]
[WhiteElo "2002"]
[BlackElo "1962"]
[PlyCount "43"]
[EventDate "2003.10.04"]
[EventType "tourn"]
[EventRounds "13"]
[EventCountry "HUN"]
[SourceTitle "EXT 2004"]
[Source "ChessBase"]
[SourceDate "2003.11.25"]
[SourceVersion "1"]
[SourceVersionDate "2003.11.25"]
[SourceQuality "1"]

1. e4 c5 2. Nf3 e6 3. d4 cxd4 4. Nxd4 a6 5. Nc3 Qc7 6. Be2 Bb4 7. Bd2 Nf6 8. f3 Bc5 9. Be3 Nc6 10. Nxc6 Bxe3 11. Qd3 Qb6 12. Ne5 Bf2+ 13. Kd1 0-0 14. Nc4 Qc7 15. Rf1 Bc5 16. e5 Ne8 17. Ne4 d5 18. Nxc5 dxc4 19. Qd4 Nf6 20. Ke1 Rd8 21. Qxc4 Qxe5 22. Nd3 0-1

[Event "Budapest FS10 FM-B"]
[Site "Budapest"]
[Date "2003.10.12"]
[Round "9"]
[White "Lantos, Attila"]
[Black "Ruszin, Rita"]
[Result "1-0"]
[WhiteElo "1978"]
[BlackElo "2002"]
[PlyCount "71"]
[EventDate "2003.10.04"]
[EventType "tourn"]
[EventRounds "13"]
[EventCountry "HUN"]
[SourceTitle "EXT 2004"]
[Source "ChessBase"]
[SourceDate "2003.11.25"]
[SourceVersion "1"]
[SourceVersionDate "2003.11.25"]
[SourceQuality "1"]

1. e4 c5 2. Nf3 Nc6 3. Nc3 e6 4. Bb5 Nd4 5. Bc4 Nxf3+ 6. Qxf3 d6 7. d3 Nf6 8. 0-0 Be7 9. a4 0-0 10. Ba2 a6 11. Qe2 b6 12. f4 Bb7 13. f5 e5 14. Bg5 Qd7 15. Bxf6 Bxf6 16. Bd5 b5 17. Bxb7 Qxb7 18. a5 Kh8 19. Nd5 Rg8 20. Rf3 Bg5 21. h4 Bf6 22. Qd2 Rac8 23. h5 c4 24. h6 Qa7+ 25. Kh2 cxd3 26. cxd3 Bh4 27. hxg7+ Rxg7 28. f6 Rg4 29. Rc1 Rxc1 30. Qxc1 Rg8 31. Qh6 Bg5 32. Qh3 Rg6 33. Qc8+ Rg8 34. Qf5 Bd2 35. Ne7 Rf8 36. Qg4 1-0

[Event "Budapest FS10 FM-B"]
[Site "Budapest"]
[Date "2003.10.11"]
[Round "8"]
[White "Ruszin, Rita"]
[Black "Zoltan, Andras"]
[Result "0-1"]
[WhiteElo "2002"]
[BlackElo "2066"]
[PlyCount "46"]
[EventDate "2003.10.04"]
[EventType "tourn"]
[EventRounds "13"]
[EventCountry "HUN"]
[SourceTitle "EXT 2004"]
[Source "ChessBase"]
[SourceDate "2003.11.25"]
[SourceVersion "1"]
[SourceVersionDate "2003.11.25"]
[SourceQuality "1"]

1. e4 e5 2. Nf3 Nc6 3. Bb5 Nge7 4. Bxc6 Nxc6 5. d4 exd4 6. Nxd4 Bc5 7. Be3 Qf6 8. c3 0-0 9. 0-0 Re8 10. Nxc6 Qxc6 11. Bxc5 Qxc5 12. Re1 Re6 13. Nd2 b6 14. Nb3 Qe7 15. Qc2 d5 16. Rad1 Bb7 17. f3 c5 18. Nd2 Re8 19. c4 dxe4 20. fxe4 f5 21. e5 Rxe5 22. Rf1 Re2 23. Rf2 Rxf2 0-1

[Event "Budapest FS10 FM-B"]
[Site "Budapest"]
[Date "2003.10.10"]
[Round "7"]
[White "Zilahi, Gabor"]
[Black "Ruszin, Rita"]
[Result "0-1"]
[WhiteElo "2047"]
[BlackElo "2002"]
[PlyCount "74"]
[EventDate "2003.10.04"]
[EventType "tourn"]
[EventRounds "13"]
[EventCountry "HUN"]
[SourceTitle "EXT 2004"]
[Source "ChessBase"]
[SourceDate "2003.11.25"]
[SourceVersion "1"]
[SourceVersionDate "2003.11.25"]
[SourceQuality "1"]

1. Nf3 c5 2. e4 e6 3. Nc3 Nc6 4. b3 Nf6 5. h3 d5 6. e5 Ne4 7. Bb2 Qc7 8. Bb5 Nxc3 9. dxc3 Bd7 10. Bxc6 Bxc6 11. 0-0 Be7 12. Qd3 0-0 13. Rfe1 Rfd8 14. Qe3 h6 15. Rad1 Rd7 16. Nh2 Rad8 17. f4 Qb6 18. Qg3 c4+ 19. Kh1 Bc5 20. Rf1 cxb3 21. axb3 Bb5 22. Ng4 Kf8 23. f5 Bxf1 24. Rxf1 exf5 25. Rxf5 Qg6 26. Qf3 h5 27. Nh2 d4 28. b4 dxc3 29. Bxc3 Bd4 30. Be1 Re8 31. Bg3 h4 32. Bxh4 Rxe5 33. Rf4 f6 34. Ng4 Re6 35. c3 Qb1+ 36. Kh2 Bg1+ 37. Kg3 Rd3 0-1

[Event "Budapest FS10 FM-B"]
[Site "Budapest"]
[Date "2003.10.08"]
[Round "5"]
[White "Mihok, Oliver"]
[Black "Ruszin, Rita"]
[Result "1-0"]
[WhiteElo "1998"]
[BlackElo "2002"]
[PlyCount "71"]
[EventDate "2003.10.04"]
[EventType "tourn"]
[EventRounds "13"]
[EventCountry "HUN"]
[SourceTitle "EXT 2004"]
[Source "ChessBase"]
[SourceDate "2003.11.25"]
[SourceVersion "1"]
[SourceVersionDate "2003.11.25"]
[SourceQuality "1"]

1. e4 c5 2. Nf3 Nc6 3. Bb5 e6 4. 0-0 d6 5. Re1 Nf6 6. e5 dxe5 7. Nxe5 Bd7 8. Bxc6 Bxc6 9. Nxc6 bxc6 10. d3 Bd6 11. Bg5 h6 12. Bh4 0-0 13. Nc3 Be7 14. Qf3 Nd5 15. Bxe7 Nxe7 16. Ne4 Qd4 17. c3 Qd5 18. Qe3 c4 19. d4 Rab8 20. Qd2 Rfd8 21. Qc2 Qf5 22. Re3 Ng6 23. Rf3 Qg4 24. h3 Qh5 25. Re1 Qb5 26. Re2 e5 27. Nc5 exd4 28. cxd4 Rxd4 29. Qf5 Rf8 30. Ne4 Nh4 31. Nf6+ gxf6 32. Rg3+ Ng6 33. Rxg6+ fxg6 34. Qxg6+ Kh8 35. Re7 Rd1+ 36. Kh2 1-0